00993nam a2200205 a 450000100100000000500170001000800410002704000250006808200150009311100950010824500870020324600910029026000350038130000350041671000790045104900090053095201130053995201180065299900170077000002680620200930030425.0110325s1998 dr ac 000 0 spa d aDO-SdBNPbspacBNPHU axxxbC749n2 aCongreso nacional sobre medicamentosn(5tod1998 marz. 19,20 y 21 :cSanto Domingo)95391810aV congreso nacional sobre medicamentos :bperspectivas de la empresa farmaceutica. aQuinto congreso nacional sobre medicamentos :bperspectivas de la empresa farmaceutica aSanto Domingo :bARAPF,c1998. a113 p. :bil., retr. ;c29 cm.2 aAsociación de Representantes, Agentes y Productores Farmaceuticos953919 aBNPD 0010718PDaPDbPDcCTd2011-03-25iLF1l0oxxx C749np26806-10r2020-06-25w2020-06-25yLFPDZNo se presta 0010718PDaPDbPDcCTd2011-03-25iLF1l0oxxx C749np26806-20r2020-06-25te.2w2020-06-25yLFPDZNo se presta c26298d26298